<?xml version="1.0" encoding="UTF-8"?>
<marc:record xmlns:marc="http://www.loc.gov/MARC21/slim">
   <marc:leader>00000nam a2200000 a 4500</marc:leader>
   <marc:datafield ind1="1" ind2=" " tag="100">
      <marc:subfield code="a">Dutzler, Herbert</marc:subfield>
      <marc:subfield code="4">aut</marc:subfield>
      <marc:subfield code="e">Verfasser/-in</marc:subfield>
   </marc:datafield>
   <marc:datafield ind1=" " ind2=" " tag="653">
      <marc:subfield code="a">Paperback</marc:subfield>
   </marc:datafield>
   <marc:datafield ind1=" " ind2=" " tag="653">
      <marc:subfield code="a">Neuere österreichische Literatur</marc:subfield>
   </marc:datafield>
   <marc:datafield ind1=" " ind2=" " tag="653">
      <marc:subfield code="a">Salzkammergut</marc:subfield>
   </marc:datafield>
   <marc:datafield ind1=" " ind2=" " tag="653">
      <marc:subfield code="a">Alpenkrimi</marc:subfield>
   </marc:datafield>
   <marc:datafield ind1=" " ind2=" " tag="653">
      <marc:subfield code="a">Autor &lt;Österreich&gt;</marc:subfield>
   </marc:datafield>
   <marc:datafield ind1=" " ind2=" " tag="653">
      <marc:subfield code="a">österreichische Literaur &lt;Neuere&gt;</marc:subfield>
   </marc:datafield>
   <marc:datafield ind1=" " ind2=" " tag="653">
      <marc:subfield code="a">Krimi &lt;Alpen&gt;</marc:subfield>
   </marc:datafield>
   <marc:datafield ind1="0" ind2="0" tag="245">
      <marc:subfield code="a">Die Einsamkeit des Bösen</marc:subfield>
   </marc:datafield>
   <marc:datafield ind1="0" ind2="0" tag="245">
      <marc:subfield code="b">ein Altaussee-Krimi</marc:subfield>
   </marc:datafield>
   <marc:datafield ind1=" " ind2="1" tag="264">
      <marc:subfield code="b">Haymon</marc:subfield>
      <marc:subfield code="c">2016</marc:subfield>
   </marc:datafield>
   <marc:datafield ind1="1" ind2=" " tag="520">
      <marc:subfield code="a">DIE WURZELN DES BÖSEN REICHEN TIEF. Das kleine Mädchen Alexandra musste schon früh lernen, was es heißt, wenn jemand grundlos böse ist, wenn jemand voll von Hass, Frust und Aggression ist. Die erwachsene Frau Alexandra scheint die schwere Kindheit völlig hinter sich gelassen zu haben - doch wirkt es nur an der Oberfläche so. Von den düsteren Geheimnissen, die in ihr schlummern, wissen weder ihr Mann noch ihre beiden Kinder. Manchmal sind sie so weit weg, dass selbst Alexandra sie vergisst. EIN LOTTERIEGEWINN: ÜBERRASCHENDER GELDSEGEN ODER FLUCH? Eines Tages gerät Alexandras heile Welt aus den Fugen: Ein Millionengewinn entpuppt sich mehr als Fluch denn als Segen. Plötzlich fühlt Alexandra sich allein. Ihr Ehemann wird ihr von Tag zu Tag fremder, Heimlichkeiten vor Freunden sind an der Tagesordnung, die Kinder stellen materielle Ansprüche, nichts ist mehr so, wie es war - da beginnt Alexandras Fassade zu bröckeln. Sie spürt: Die Schatten ihrer Vergangenheit fallen noch immer düster auf ihre Seele. Und dann regt sich in ihr jenes zornige kleine Mädchen, das damals dem Bösen direkt ins Auge geblickt hat … HERBERT DUTZLER ZEIGT DIE DUNKLE SEITE SEINES KÖNNENS Herbert Dutzler, bisher vor allem durch die sensationell erfolgreiche Krimiserie um Kultfigur Franz Gasperlmaier bekannt, legt einen Kriminalroman vor, der einen packt und nicht mehr loslässt. Seine Figuren zeichnet Dutzler präzise und mit viel psychologischem Tiefgang - kein menschlicher Abgrund bleibt hier unentdeckt. Menschen wie du und ich sind es, die hier handeln, und ihre Taten sind so nachvollziehbar, dass man sie sogar den eigenen Freunden zutrauen würde. Das Böse liegt oft bedrohlich nah … (Verlagstext)</marc:subfield>
   </marc:datafield>
   <marc:datafield ind1=" " ind2=" " tag="020">
      <marc:subfield code="a">9783709972571</marc:subfield>
      <marc:subfield code="9">9783709972571</marc:subfield>
   </marc:datafield>
</marc:record>
